00311nam a2200109Ia 4500008004100000245008700041260002000128260000900148300000900157500002200166650001300188170224s9999 xx 000 0 und d aImpact of deployment on military families with young children: A systematic review bNursing Outlook c2015 a63:6 aNovember/December xNursing.